<?xml version="1.0" encoding="UTF-8"?>
<collection xmlns="http://www.loc.gov/MARC21/slim">
 <record>
  <leader>00371pamaa2200133   4500</leader>
  <controlfield tag="001">0000023969</controlfield>
  <controlfield tag="005">20090107090000.0</controlfield>
  <datafield tag="020" ind1="0" ind2="0">
   <subfield code="a">0854211242 </subfield>
  </datafield>
  <datafield tag="090" ind1="0" ind2="0">
   <subfield code="a">PR1178.I38 </subfield>
   <subfield code="b">JAR 1991</subfield>
  </datafield>
  <datafield tag="100" ind1="1" ind2="0">
   <subfield code="a">JARVIS </subfield>
  </datafield>
  <datafield tag="245" ind1="1" ind2="0">
   <subfield code="a">Burning bright : </subfield>
   <subfield code="b">poets of the industrial revolution  </subfield>
   <subfield code="c">Jarvis Frederick.</subfield>
  </datafield>
  <datafield tag="260" ind1="0" ind2="0">
   <subfield code="a">London: </subfield>
   <subfield code="b">The Self Pub., </subfield>
   <subfield code="c">26cm.</subfield>
  </datafield>
  <datafield tag="300" ind1=" " ind2=" ">
   <subfield code="a">223p.; </subfield>
   <subfield code="c">27cm.</subfield>
  </datafield>
  <datafield tag="650" ind1="0" ind2="0">
   <subfield code="a">English poetry </subfield>
  </datafield>
 </record>
</collection>
